| Tag |
First Indicator |
Second Indicator |
Subfields |
| LEADER |
00000cam a2200000 a 4500 |
| 001 |
in00000096117 |
| 005 |
20150923173959.0 |
| 008 |
760115s1975 nyua j 00010 engm |
| 010 |
|
|
|a 75006292
|
| 020 |
|
|
|a 0060243376 :
|c $2.95.
|
| 020 |
|
|
|a 0060243422 (lib bdg.)
|
| 035 |
|
|
|a (OCoLC)01941138
|
| 035 |
|
|
|9 AAK8511AM
|
| 040 |
|
|
|a DLC
|c DLC
|d m.c.
|d TXA
|d UtOrBLW
|
| 049 |
|
|
|a [Curr Col] TXAM
|c [1362481]
|
| 050 |
0 |
0 |
|a QL737 C432
|b M68 1975
|
| 082 |
0 |
|
|a 599/.53
|
| 100 |
1 |
|
|a Morris, Robert A.
|q (Robert Ada),
|d 1933-
|
| 245 |
1 |
0 |
|a Dolphin /
|c by Robert A. Morris ; pictures by Mamoru Funai.
|
| 264 |
|
1 |
|a New York :
|b Harper & Row,
|c [1975]
|
| 264 |
|
4 |
|c ©1975
|
| 300 |
|
|
|a 62 pages :
|b color illustrations ;
|c 23 cm.
|
| 336 |
|
|
|a text
|b txt
|2 rdacontent
|
| 337 |
|
|
|a unmediated
|b n
|2 rdamedia
|
| 338 |
|
|
|a volume
|b nc
|2 rdacarrier
|
| 490 |
1 |
|
|a Science I can read book
|
| 520 |
|
|
|a Describes the birth and the first six months of life of a baby dolphin.
|
| 650 |
|
0 |
|a Dolphins
|v Juvenile literature.
|
| 650 |
|
1 |
|a Dolphins.
|
| 700 |
1 |
|
|a Funai, Mamoru.
|
| 830 |
|
0 |
|a Science I can read book.
|
| 999 |
|
|
|a MARS
|
| 999 |
f |
f |
|s e851cd97-de6b-313b-8e72-0c50cb60e5c1
|i 2f1ccfd9-4714-3e27-9ce4-41e9c1197a8d
|t 0
|
| 952 |
f |
f |
|p normal
|a Texas A&M University
|b College Station
|c Sterling C. Evans Library
|d Evans: Curriculum Collection (4th floor)
|t 0
|e QL737 C432 M68 1975
|h Library of Congress classification
|i unmediated -- volume
|m A14806034363
|
| 998 |
f |
f |
|a QL737 C432 M68 1975
|t 0
|l Evans: Curriculum Collection (4th floor)
|